[Event "GER-ch U18 sf Berlin Online"]
[Site "Playchess.com INT"]
[Date "2020.05.01"]
[Round "8"]
[White "Kwech, Martin"]
[Black "Vassiljev, Nikita"]
[Result "1-0"]
[WhiteElo "1375"]
[BlackElo "1620"]
[PlyCount "79"]
[EventDate "2020.05.01"]
[EventType "swiss (blitz)"]
[EventRounds "13"]
[EventCountry "GER"]
[SourceTitle "CBM 195 Extra"]
[Source "ChessBase"]
[SourceDate "2020.05.31"]
[SourceVersion "1"]
[SourceVersionDate "2020.05.31"]
[SourceQuality "1"]

1. e4 c6 2. d4 d5 3. exd5 cxd5 4. c4 Bf5 5. Nf3 e6 6. cxd5 Qxd5 7. Nc3 Qa5 8. Bb5+ Nc6 9. Bd2 a6 10. Bxc6+ bxc6 11. Qa4 Qb6 12. Ne5 Rc8 13. 0-0 Bd6 14. Nc4 Qc7 15. Nxd6+ Qxd6 16. Qxa6 Ne7 17. Bg5 0-0 18. Bxe7 Qxe7 19. Qe2 Qb4 20. Ne4 Qxb2 21. Qxb2 Bxe4 22. f3 Bd5 23. Rac1 Ra8 24. Ra1 Ra4 25. Rae1 Rxa2 26. Qc3 Ra7 27. Ra1 Rd7 28. Ra3 f6 29. Rfa1 Kf7 30. Ra7 Rxa7 31. Rxa7+ Kg8 32. Qe3 Rb8 33. Qf4 Rb1+ 34. Kf2 Rb2+ 35. Kg3 h6 36. Qg4 g5 37. Qh5 e5 38. Qg6+ Kf8 39. Qg7+ Ke8 40. Qe7# 1-0

[Event "GER-ch U18 sf Berlin Online"]
[Site "Playchess.com INT"]
[Date "2020.05.01"]
[Round "2"]
[White "Vassiljev, Nikita"]
[Black "Costa, Leonardo"]
[Result "0-1"]
[WhiteElo "1620"]
[BlackElo "1928"]
[PlyCount "66"]
[EventDate "2020.05.01"]
[EventType "swiss (blitz)"]
[EventRounds "13"]
[EventCountry "GER"]
[SourceTitle "CBM 195 Extra"]
[Source "ChessBase"]
[SourceDate "2020.05.31"]
[SourceVersion "1"]
[SourceVersionDate "2020.05.31"]
[SourceQuality "1"]

1. d4 Nf6 2. Bf4 g6 3. e3 Bg7 4. c4 0-0 5. Nc3 d6 6. d5 e6 7. e4 e5 8. Bg3 a5 9. a4 Na6 10. Nf3 Nd7 11. Be2 Ndc5 12. 0-0 f5 13. exf5 gxf5 14. Nh4 f4 15. Bxf4 Rxf4 16. g3 Rf8 17. Bh5 Qg5 18. Rc1 Bh3 19. Re1 Rf6 20. Bf3 Raf8 21. Re2 Rxf3 22. Nxf3 Rxf3 23. Rcc2 Nb4 24. Rcd2 Bg4 25. Re1 Rxg3+ 26. hxg3 Bxd1 27. Rexd1 Bh6 28. Re2 Kg7 29. Re3 Nb3 30. Rf3 Nd4 31. Re3 Nbc2 32. f4 exf4 33. Re7+ Qxe7 0-1